| 000 | 00686nam a22001817a 4500 | ||
|---|---|---|---|
| 999 |
_c178573 _d178573 |
||
| 005 | 20210406171828.0 | ||
| 010 | _aENG-129376 | ||
| 020 |
_a978-93-5388-314-0 _c1495.00 |
||
| 035 | _aEN-112908 | ||
| 037 | _bDBAD/PUB | ||
| 082 | _a333.70954 | ||
| 245 |
_aCritical Themes in Environmental History of India/ _cEdited by Ranjan Chakrabarti |
||
| 260 |
_aNew Delhi _bSage Publication India _c2020 |
||
| 270 |
_aB1/1-1 Mohan Cooperative Industrial Area Mathura Road _bNew Delhi _e110044 |
||
| 300 |
_axii+476p. _c24cm(hbk) _bIncluding illustrations, tables, index and bibliographical references. |
||
| 700 | _aChakrabarti, Ranjan, Ed. | ||
| 942 |
_2ddc _cEN _h333.70954 _mCRI |
||